LEADER 02228nam0 2200481 i 450 001 VAN00127048 005 20240806100823.201 017 70$2N$a9783030034306 100 $a20200220d2019 |0itac50 ba 101 $aeng 102 $aCH 105 $a|||| ||||| 200 1 $aNonlinear Analysis$eTheory and Methods$fNikolaos S. Papageorgiou, Vicen?iu D. R?dulescu, Du?an D. Repov? 210 $aCham$cSpringer$d2019 215 $axi, 577 p.$cill.$d24 cm 410 1$1001VAN00030486$12001 $aSpringer monographs in mathematics$1210 $aBerlin [etc.]$cSpringer$d1989- 500 1$3VAN00236924$aNonlinear Analysis : Theory and Methods$91732607 606 $a35-XX$xPartial differential equations [MSC 2020]$3VANC019763$2MF 606 $a49-XX$xCalculus of variations and optimal control; optimization [MSC 2020]$3VANC019757$2MF 606 $a58-XX$xGlobal analysis, analysis on manifolds [MSC 2020]$3VANC019758$2MF 610 $aBoundary Value Problems$9KW:K 610 $aCritical groups$9KW:K 610 $aCritical point theory$9KW:K 610 $aMorse theory$9KW:K 610 $aNonlinear elliptic equations$9KW:K 610 $aPartial Differential Equations$9KW:K 610 $aSobolev spaces$9KW:K 610 $aTopological degree$9KW:K 610 $aVariational Principle$9KW:K 620 $aCH$dCham$3VANL001889 700 1$aPapageorgiou$bNikolaos Socrates$3VANV037161$0730633 701 1$aR?dulescu$bVicen?iu D.$3VANV098471$0521408 701 1$aRepovs$bDu?an D.$3VANV038386$0781291 712 $aSpringer $3VANV108073$4650 790 1$aPapageorgiou, Nikolas S.$zPapageorgiou, Nikolaos Socrates$3VANV037162 801 $aIT$bSOL$c20250606$gRICA 856 4 $uhttp://doi.org/10.1007/978-3-030-03430-6$zE-book ? Accesso al full-text attraverso riconoscimento IP di Ateneo, proxy e/o Shibboleth 899 $aBIBLIOTECA DEL DIPARTIMENTO DI MATEMATICA E FISICA$1IT-CE0120$2VAN08 912 $fN 912 $aVAN00127048 950 $aBIBLIOTECA DEL DIPARTIMENTO DI MATEMATICA E FISICA$d08DLOAD e-book 1682 $e08eMF1682 20200220 996 $aNonlinear Analysis-Theory and Methods$91732607 997 $aUNICAMPANIA LEADER 02826nam 22006135 450 001 9910411920803321 005 20251204110048.0 010 $a3-030-47786-X 024 7 $a10.1007/978-3-030-47786-8 035 $a(CKB)4100000011343641 035 $a(DE-He213)978-3-030-47786-8 035 $a(MiAaPQ)EBC6273613 035 $a(PPN)258065044 035 $a(MiAaPQ)EBC6263992 035 $a(EXLCZ)994100000011343641 100 $a20200713d2020 u| 0 101 0 $aeng 135 $aurnn|008mamaa 181 $ctxt$2rdacontent 182 $cc$2rdamedia 183 $acr$2rdacarrier 200 10$aWater, Flood Management and Water Security Under a Changing Climate $eProceedings from the 7th International Conference on Water and Flood Management /$fedited by Anisul Haque, Ahmed Ishtiaque Amin Chowdhury 205 $a1st ed. 2020. 210 1$aCham :$cSpringer International Publishing :$cImprint: Springer,$d2020. 215 $a1 online resource (VII, 370 p. 179 illus., 159 illus. in color.) 311 08$a3-030-47785-1 330 $aThis book presents selected papers from the 7th International Conference on Water and Flood Management,with a special focus on Water Security under Climate Change, held in Dhaka, Bangladesh in March 2019. The biennial conference is organized by Institute of Water and Flood Management of Bangladesh University of Engineering and Technology. The recent decades have experienced more frequent natural calamities and it is believed that climate change is an important driving factor for such hazards. Each part of the hydrological cycle is affected by global climate change. Moreover, increasing population and economic activities are posing a bigger threat to water sources. To ensure sustainable livelihoods, safeguard ecosystem services, and enhance socio-economic development, water security needs to be investigated widely in a global and regional context. 606 $aPollution 606 $aEcology 606 $aEngineering geology 606 $aGeology 606 $aPollution 606 $aEnvironmental Sciences 606 $aGeoengineering 606 $aGeology 615 0$aPollution. 615 0$aEcology. 615 0$aEngineering geology. 615 0$aGeology. 615 14$aPollution. 615 24$aEnvironmental Sciences. 615 24$aGeoengineering. 615 24$aGeology. 676 $a628.1 676 $a363.61 702 $aHaque$b Anisul$4edt$4http://id.loc.gov/vocabulary/relators/edt 702 $aChowdhury$b Ahmed Ishtiaque Amin$4edt$4http://id.loc.gov/vocabulary/relators/edt 801 0$bMiAaPQ 801 1$bMiAaPQ 801 2$bMiAaPQ 906 $aBOOK 912 $a9910411920803321 996 $aWater, Flood Management and Water Security Under a Changing Climate$91935709 997 $aUNINA